000 00605nam a22002297a 4500
003 UA-OsUOA
001 99018
007 ta
008 20130423b un ||||| |||| 00| 0 ukr d
100 _aСремац С.
090 _a821.163.41
_bС75
942 _cBK
040 _aUA-OsUOA
_bukr
_cUA-OsUOA
_dUA-OsUOA
245 _aПіп Чира та піп Спира
_bповість
300 _a225 с.
955 _a3
041 _aukr
080 _a821.163.41
260 _aК.
_bДніпро
_c1979
650 7 _a82 Література. Літературознавство
_2UDC
999 _c385165
_d385165